[Event "Harstad op-B"]
[Site "Harstad"]
[Date "2006.10.15"]
[Round "4"]
[White "Carlsen, Kjell Arne"]
[Black "Mikalsen, Erlend"]
[Result "0-1"]
[WhiteElo "1123"]
[BlackElo "1346"]
[PlyCount "70"]
[EventDate "2006.10.13"]
[EventType "swiss"]
[EventRounds "5"]
[EventCountry "NOR"]
[SourceTitle "EXT 2008"]
[Source "ChessBase"]
[SourceDate "2007.11.25"]
[SourceVersion "1"]
[SourceVersionDate "2007.11.25"]
[SourceQuality "1"]

1. d4 f5 2. c4 Nf6 3. Nf3 d6 4. Nc3 g6 5. b4 Bg7 6. Qb3 0-0 7. Bg5 Nbd7 8. g3 Qe8 9. Bg2 Kh8 10. 0-0 e5 11. dxe5 dxe5 12. Rad1 h6 13. Bc1 g5 14. Bb2 f4 15. Nb5 e4 16. Nxc7 Qh5 17. Ne5 Nxe5 18. Bxe5 Bh3 19. Bxf6 Rxf6 20. Nxa8 Bxg2 21. Rd8+ Kh7 22. Kxg2 fxg3 23. hxg3 g4 24. Rh1 Rxf2+ 25. Kxf2 Qxh1 26. Ke3 Qe1 27. Kxe4 Qxe2+ 28. Qe3 Qxc4+ 29. Rd4 Qc8 30. Rd5 Qxa8 31. Kd3 b6 32. Qe4+ Kh8 33. Rd7 Qc8 34. Qe7 Qc3+ 35. Ke4 Qf3# 0-1

[Event "NOR-chT north"]
[Site "Harstad"]
[Date "2006.01.29"]
[Round "4"]
[White "Carlsen, Kjell Arne"]
[Black "Utnes, Peter Vedal"]
[Result "0-1"]
[WhiteElo "1099"]
[BlackElo "1307"]
[PlyCount "94"]
[EventDate "2006.01.27"]
[EventType "team"]
[EventRounds "5"]
[EventCountry "NOR"]
[SourceTitle "EXT 2008"]
[Source "ChessBase"]
[SourceDate "2007.11.25"]
[SourceVersion "1"]
[SourceVersionDate "2007.11.25"]
[SourceQuality "1"]

1. d4 Nf6 2. c4 c5 3. d5 b5 4. e3 g6 5. Nf3 Bg7 6. Bd3 d6 7. h3 0-0 8. Qc2 bxc4 9. Bxc4 Nbd7 10. e4 Nb6 11. Bd3 Qc7 12. Nc3 a6 13. b3 c4 14. bxc4 Nxc4 15. 0-0 Nb6 16. Rb1 Nfd7 17. Bb2 Nc5 18. Ne2 Bxb2 19. Rxb2 Nba4 20. Rb4 Bd7 21. Rfb1 a5 22. R4b3 Rfc8 23. Rc1 Qa7 24. Rbb1 Nxe4 25. Bxe4 Rxc2 26. Bxc2 Nc5 27. Ned4 Rc8 28. Bd1 Qa8 29. Nb3 Qxd5 30. Nfd4 Nxb3 31. Rxc8+ Bxc8 32. Nxb3 Bf5 33. Bf3 Qb5 34. Re1 Be6 35. Nd4 Qb4 36. Rd1 Bxa2 37. Nc6 Qh4 38. Ra1 Be6 39. Rxa5 Qf6 40. Ra8+ Kg7 41. Ra3 Qb2 42. Re3 d5 43. Nd8 Qc1+ 44. Kh2 Qc7+ 45. Kg1 Qxd8 46. Re1 d4 47. Rd1 Bb3 0-1